Farhang-e-hamrah paishar wa aryan pur (Record no. 911138)

MARC details
000 -LEADER
fixed length control field 00793nam a2200253Ia 4500
003 - CONTROL NUMBER IDENTIFIER
control field OSt
005 - DATE AND TIME OF LATEST TRANSACTION
control field 20221002044807.0
008 - FIXED-LENGTH DATA ELEMENTS--GENERAL INFORMATION
fixed length control field 220930b |||||||| |||| 00| 0 per d
020 ## - INTERNATIONAL STANDARD BOOK NUMBER
International Standard Book Number 9646715567 (pbk)
037 ## - SOURCE OF ACQUISITION
Terms of availability Reference Collections
040 ## - CATALOGING SOURCE
Original cataloging agency CRL
Transcribing agency CRL
Language of cataloging per
041 ## - LANGUAGE CODE
Source of code per
Language code of text/sound track or separate title per
100 ## - MAIN ENTRY--PERSONAL NAME
Personal name Kashani Manoochehr Aryanpur
9 (RLIN) 569683
245 #0 - TITLE STATEMENT
Title Farhang-e-hamrah paishar wa aryan pur
Remainder of title English Persian Dictionary
260 ## - PUBLICATION, DISTRIBUTION, ETC.
Place of publication, distribution, etc. Tehran
Name of publisher, distributor, etc. Amir Kabir Iran
Date of publication, distribution, etc. 2000
300 ## - PHYSICAL DESCRIPTION
Extent 976p.
Dimensions cm.
650 ## - SUBJECT ADDED ENTRY--TOPICAL TERM
Topical term or geographic name entry element LINGUISTICS
942 ## - ADDED ENTRY ELEMENTS (KOHA)
Classification part P111:4k, 164P0
Koha item type
Source of classification or shelving scheme Colon Classification (CC)
Holdings
Withdrawn status Lost status Damaged status Not for loan Home library Current library Date acquired Source of acquisition Total Checkouts Full call number Barcode Date last seen Price effective from Koha item type
        Central Library Central Library 2022-10-02 Gift, 04/11/2015,   P111:4k 164P0 CL1170574 2022-10-02 2022-10-02  
Copyright @ Delhi University Library System